000 00381nam a22001457a 4500
999 _c193633
_d193633
008 221107b ||||| |||| 00| 0 eng d
082 _a380-SIN
100 _aK.V SING
245 _aFROM COINS TO CREDIT CARDS
_hENGLISH
260 _aNEW DELHI
_bA.I.C.B
_cROHINI
270 _aA.I.C.B ,ROHINI NEW DELHI
300 _a.
_b.
_c12X13
490 _v1
942 _2ddc
_cBRLEN
_k380
_mSIN